000 00407nam a2200133Ia 4500
005 20260326100031.0
008 260326s9999||||xx |||||||||||||| ||und||
100 _aAlexander, Christopher; Chermayeff, Serge
245 0 _aCommunity And Privacy Toward A New Architecture Of Humanism /
_cChristopher; Chermayeff, Serge Alexander
260 _bDoubleday
300 _a236 p.
650 _aURBANISMO
942 _cBK
999 _c6612
_d6612